000 00820nam a22002417a 4500
005 20250519113403.0
008 250519b |||||||| |||| 00| 0 eng d
020 _a978-0-415-89623-7 (pbk)
037 _cTB
040 _aBL
_cBL
041 _2eng
_aeng
084 _aY7.2 P6
_qBL
245 _aMeaning of the local:
_bOplitics of place in urban India
260 _aLondon, UK:
_bRoultedge,
_c2006.
300 _axi, 238p.
365 _b2308.6
_cINR
650 _aIndia - Social Condition
_9808857
650 _aHuman Geography - India
_9808858
700 _aNeve, Geert De
_eeditor.
_9808859
700 _aDonner, Henrike
_eeditor.
_9808860
942 _2CC
_cTB
_n0
999 _c1428798
_d1428798